000 00754nam a2200289Ia 4500
005 20260324115153.0
008 008 260324s9999 xx 000 0 eng d
020 _a9781351034586
037 _aEBOOK
040 _aCRL
040 _beng
040 _cCRL
041 _2eng
041 _aeng
084 _qCRL
100 _aNorhayati Zakaria
_91153628
245 0 _aMaking Sense of Culture
245 0 _bCross-Cultural Expeditions and Management Practices of Self-Initiated Expatriates in the Foreign Workplace
260 _bTaylor and Francis
260 _c2019
365 _a
365 _b93.99
856 _uhttp://www.taylorfrancis.com/books/9781351034586
942 _cEBOOK
999 _c1744313
_d1744313